000 02487nam a2200481 a 4500
003 BLK
005 20240802131759.0
008 180409b bul|||||r ||||||| ||bul||
010 _aKNG00115859000
020 _a954-500-110-0
040 _aBLK
041 _aBUL
_cBUL
080 _aДраматични театри. Театри за драма и комедия. Вж и 82-2
_b792.2
_x.071.2(497.2)(092)
_z792.2.071.2(497.2)(092)
080 _aКиноактьори
_b791.44.071.2
_x(497.2)(092)
_z791.44.071.2(497.2)(092)
080 _b929 Чапразов, Андрей Михайлов
_z929 Чапразов, Андрей Михайлов
100 _aЧапразов, Андрей Михайлов
_d1920 - 1999
_9375749
139 _aЧапразов, Андрей Михайлов
_bЧ 33
245 1 0 _aСцена и живот
_b[Кн. 1] -
_cАндрей Михайлов Чапразов; записал на том Димитър Димитров; състав. на том Емилия Цветкова.
_n[Кн. 1]
257 _aBGR
260 _aСофия
_c2003 -
_dИК Борина
_fСофия : Балкан
300 _c21 см
_a175 с.
_b с ил., портр.
380 _a7
600 0 _aЧапразов, Андрей Михайлов
_d1920 - 1999
_9375749
650 4 _aАктьори, български - биографии
_9241623
650 4 _aКиноартисти, български
_9266032
650 4 _aЧапразов, Андрей Михайлов
_9375749
650 4 _aБългария - театър и кино
_9274280
651 4 _aБългария
_9241624
653 _aАндрей Чапразов
653 _aбългарски артисти
653 _aкиноартисти
653 _aактьори
700 1 _aДимитров, Димитър
_eзаписал на том
_9363351
700 1 _aЦветкова, Емилия
_eсъстав. на том
_9365712
760 1 _aЧапразов, Андрей Михайлов
_dБорина, 2003
_h175 с. : с ил., портр.
_nСъдържа и Участия в спектакли в Народния театър Иван Вазов ; Участия във филми.
_t[Кн. 1]
852 _aЦб 221430
_bЦб
856 4 _qpdf
856 4 _qpdf
942 _cKNG
_n0
944 _aCR
_c28.10.2004
_k30560
_lГеновева Генчева
944 _aED
_c03.01.2017
_lф /
_kЛюдмила_Стоянова
999 _c110532
_d110532
999 _d110532